Tribhuvan University Central Library

Purchase order management best practices : (Record no. 77224)

MARC details
000 -LEADER
fixed length control field 00962cam a2200253 a 4500
008 - FIXED-LENGTH DATA ELEMENTS--GENERAL INFORMATION
fixed length control field 060810s2007 flua b 001 0 eng
020 ## - INTERNATIONAL STANDARD BOOK NUMBER
International Standard Book Number 1932159630 (hardcover : alk. paper)
020 ## - INTERNATIONAL STANDARD BOOK NUMBER
International Standard Book Number 9781932159639 (hardcover : alk. paper)
020 ## - INTERNATIONAL STANDARD BOOK NUMBER
International Standard Book Number 9788131522431
040 ## - CATALOGING SOURCE
-- DLC
-- DLC
-- BAKER
-- C#P
-- IXA
-- BTCTA
-- DLC
082 00 - DEWEY DECIMAL CLASSIFICATION NUMBER
Classification number 658.723/SA13p
Edition number 22
100 1# - MAIN ENTRY--PERSONAL NAME
Personal name Sabri, Ehap H. et.al
245 10 - TITLE STATEMENT
Title Purchase order management best practices :
Remainder of title process, technology, and change management /
260 ## - PUBLICATION, DISTRIBUTION, ETC.
Place of publication, distribution, etc. Delhi:
Name of publisher, distributor, etc. JRoss Publishing,
Date of publication, distribution, etc. 2007.
300 ## - PHYSICAL DESCRIPTION
Extent xxiii, 219 p. :
Other physical details illus. ;
Dimensions 24 cm.
504 ## - BIBLIOGRAPHY, ETC. NOTE
Bibliography, etc. note Bibliography at the end of each chapters
650 #0 - SUBJECT ADDED ENTRY--TOPICAL TERM
Topical term or geographic name entry element Industrial procurement
General subdivision Management.
650 #0 - SUBJECT ADDED ENTRY--TOPICAL TERM
Topical term or geographic name entry element purchasing
650 #0 - SUBJECT ADDED ENTRY--TOPICAL TERM
Topical term or geographic name entry element Business logistics
General subdivision Technological innovations.
700 1# - ADDED ENTRY--PERSONAL NAME
Personal name Gupta, Arun P.,
700 1# - ADDED ENTRY--PERSONAL NAME
Personal name Beitler, Michael A.
856 41 - ELECTRONIC LOCATION AND ACCESS
Materials specified Table of contents only
Uniform Resource Identifier <a href="http://www.loc.gov/catdir/toc/ecip0619/2006025682.html">http://www.loc.gov/catdir/toc/ecip0619/2006025682.html</a>
942 ## - ADDED ENTRY ELEMENTS (KOHA)
Source of classification or shelving scheme Dewey Decimal Classification
Koha item type General Collections
Holdings
Withdrawn status Lost status Source of classification or shelving scheme Damaged status Not for loan Home library Current library Shelving location Date acquired Total Checkouts Full call number Barcode Date last seen Date last checked out Price effective from Koha item type
    Dewey Decimal Classification     Tribhuvan University Central Library Tribhuvan University Central Library New Building 01/21/2016 1 658.7/23 151929 02/14/2025 01/21/2025 01/21/2016 General Collections
    Dewey Decimal Classification     Tribhuvan University Central Library Tribhuvan University Central Library New Building 01/21/2016   658.7/23 151930 01/21/2016   01/21/2016 General Collections